| 000 | 00355nam a2200145Ia 4500 | ||
|---|---|---|---|
| 008 | 150201s2011 xx 000 0 und d | ||
| 082 |
_a617.643 _bI2011T |
||
| 100 | _aTESTORI,TIZIANO | ||
| 245 | _aIMMEDIATE LOADING | ||
| 250 | _a1ST | ||
| 260 |
_bQUINTESSENCE PUBLICATION _aCHICAGO _c2011 |
||
| 300 | _a1-560 | ||
| 650 | _aORTHODONTICS | ||
| 942 |
_2ddc _cBK |
||
| 999 |
_c4645 _d4645 |
||